| 000 | 00336nam a2200121Ia 4500 | ||
|---|---|---|---|
| 008 | 240624s9999 xx 000 0 und d | ||
| 041 | _aeng | ||
| 082 | _a299.936 HUB | ||
| 100 | _aHUBBARD L RON | ||
| 245 | _aCREATION OF HUMAN ABILITY A HANDBOOK FOR | ||
| 260 |
_c2007 _aDenmark _bNew Era Publications |
||
| 300 | _aExch.529 : p. : cm. ; 24 | ||
| 999 |
_c12439 _d12439 |
||